Albums les plus vendus - Statistiques

Statistiques générales
  • Ce quiz a été pris 686 fois
  • Le résultat moyen est 10 sur 24
Statistiques - réponses
Titre de l'album Ventes Artiste % Correct
Thriller (1982) 70 Michael Jackson
98%
Metallica (1991) 31 Metallica
81%
Bad (1987) 35 Michael Jackson
76%
Back in black (1980) 50 AC/DC
73%
Led Zeppelin IV (1971) 37 Led Zeppelin
73%
Hotel california (1976) 42 Eagles
65%
Nervermind (1991) 30 Nirvana
64%
The dark side of the moon (1973) 44 Pink Floyd
62%
Abbey road (1969) 31 The Beatles
59%
The Wall (1979) 30 Pink Floyd
55%
21 (2011) 31 Adele
49%
Dangerous (1991) 32 Michael Jackson
48%
Born in the USA (1984) 30 Bruce Springsteen
45%
Sgt. Pepper's Lonely Hearts Club Band (1967) 32 The Beatles
43%
Brothers in arms (1985) 30 Dire Straits
27%
Appetite for destruction (1987) 30 Guns N' Roses
22%
Goodby fellow brick road (1973) 30 Elton John
21%
Rumours (1977) 40 Fleetwood Mac
21%
Jagged little pill (1995) 33 Alanis Morissette
8%
Falling into you (1996) 32 Céline Dion
8%
Let's talk about love (1997) 31 Céline Dion
8%
Bag out of hell (1977) 44 Meat Loaf
8%
Supernatural (1999) 30 Santana
6%
Come on over (1997) 40 Shania Twain
6%
Aucun quiz correspondant
Distribution des résultats
% des personnes avec chaque résultat
Percentile par nombre de réponses
Votre historique - résultats
Vous n’avez pas pris ce quiz